ছোটদের প্রিয় বিজ্ঞানী নিউটন / (Record no. 13009)
[ view plain ]
| 000 -LEADER | |
|---|---|
| fixed length control field | 00952nam a2200253 a 4500 |
| 001 - CONTROL NUMBER | |
| JCCL Control Number | 13009 |
| 003 - CONTROL NUMBER IDENTIFIER | |
| JCCL marc code | BD-JhCC |
| 005 - DATE AND TIME OF LATEST TRANSACTION | |
| control field | 20230613103756.0 |
| 008 - FIXED-LENGTH DATA ELEMENTS--GENERAL INFORMATION | |
| fixed length control field | 230613s2019 bg a|||| |||| 000 0 ben d |
| 020 ## - INTERNATIONAL STANDARD BOOK NUMBER | |
| International Standard Book Number | 9789848860269 |
| 035 ## - SYSTEM CONTROL NUMBER | |
| system control number | (BD-JhCC)13009 |
| 040 ## - CATALOGING SOURCE | |
| Original cataloging agency | BD-JhCC |
| Modifying agency | BD-JhCC |
| 041 ## - LANGUAGE CODE | |
| Language code of Book | ben |
| 082 ## - DEWEY DECIMAL CLASSIFICATION NUMBER | |
| Classification number | 927 |
| Author mark and Year | MOS 2019 |
| 100 ## - MAIN ENTRY--PERSONAL NAME | |
| Personal name | রহমান, মশিউর |
| 245 ## - TITLE STATEMENT | |
| Title | ছোটদের প্রিয় বিজ্ঞানী নিউটন / |
| Statement of responsibility, etc | মশিউর রহমান |
| 260 ## - PUBLICATION, DISTRIBUTION, ETC. (IMPRINT) | |
| Place of publication, distribution, etc | ঢাকা : |
| Name of publisher, distributor, etc | উপমা প্রকাশ, |
| Date of publication, distribution, etc | ২০১৯ |
| 300 ## - PHYSICAL DESCRIPTION | |
| Pagination | ৮০ পৃ. : |
| Other physical details | চিত্রবলী সংযোজিত; |
| Dimensions | ২১ সেমি. |
| 490 ## - SERIES STATEMENT | |
| Series statement | জীবনী গ্রন্থমালা |
| 504 ## - BIBLIOGRAPHY, ETC. NOTE | |
| Bibliography, etc | গ্রন্থপঞ্জি অর্ন্তভূক্ত। |
| 600 ## - SUBJECT ADDED ENTRY--PERSONAL NAME | |
| Personal name | Newton, Isaac |
| Dates associated with a name | 25 December 1642 – 20 March 1726/27 |
| 650 ## - SUBJECT ADDED ENTRY--TOPICAL TERM | |
| Topical term or geographic name as entry element | Biography |
| 942 ## - ADDED ENTRY ELEMENTS (KOHA) | |
| Source of classification or shelving scheme | Dewey Decimal Classification |
| Koha item type | Books |
| Source of classification or shelving scheme | Damaged status | Not for loan | Home library | Current library | Shelving location | Date of accession | Source of acquisition | Cost, normal purchase price | Total Checkouts | Full call number | Barcode | Date last seen | Copy number | Method of acquisition | Koha item type | Currency |
|---|---|---|---|---|---|---|---|---|---|---|---|---|---|---|---|---|
| Dewey Decimal Classification | JCC Rouf Library | JCC Rouf Library | General Stacks | 06/13/2023 | জাতীয় গ্রন্থকেন্দ্র | 150.00 | 927 MOS 2019 | 17826 | 06/13/2023 | C-1 | Gift/Donation | Books | BDT | |||
| Dewey Decimal Classification | JCC Rouf Library | JCC Rouf Library | General Stacks | 09/16/2023 | জাতীয় গ্রন্থকেন্দ্র | 113.00 | 927 MOS 2019 | 18235 | 09/16/2023 | C-2 | Purchase | Books | BDT |